000 00625nam a2200205Ia 4500
003 GCL
008 140319s9999 xx 000 0 ara d
040 _aGCL /
_cGCL
082 0 4 _a863
_bم ج
100 1 _aمحمد العبد حمود
245 1 0 _aالجنرال فى متاهة /
_cمحمد العبد حمود
700 1 _aماركيز ، جابرييل جارسيا
300 _a207 ص
490 _a
650 0 4 _aالادب الاسبانى
650 0 4 _aالقصص الاسبانية المترجمة
650 0 4 _aالقصص المترجمة
650 0 4 _aالقصص الاسبانية
942 _2ddc
_cBK
999 _c46556
_d46556